Cry Witch

Shranjeno v:
Bibliografske podrobnosti
Glavni avtor: Hintze, Naomi
Format: Knjiga
Jezik:Undetermined
Izdano: Londres, Inglaterra Corgi Books 1978
Teme:
Oznake: Označite
Brez oznak, prvi označite!

MARC

LEADER 00000nam a2200000Ia 4500
008 170316s9999 xx 000 0 und d
040 |a cru BVZT 
090 |a 820 H-9.2c 
100 |a Hintze, Naomi 
245 |a Cry Witch 
260 |a Londres, Inglaterra 
260 |b Corgi Books 
260 |c 1978 
300 |a 190 páginas 
650 |a LITERATURA INGLESA - NOVELA 
999 |c 6956  |d 6956 
942 |c 15 D  |h 820 H-9.2c  |2 z